000 00757 a2200217 4500
003 UA-OsUOA
005 20220721153301.0
008 220721b un ||||| |||| 00| 0 ukr d
020 _a9786175030981
040 _aUA-OsUOA
_bukr
_cUA-OsUOA
_dUA-OsUOA
041 _aukr
080 _a22.04
090 _a22.04
_bН73
245 _aНовий Завіт з Додатком Псалмів і Притч
_cДіана Деркач
260 _aЛуцьк
_bХристиянське життя
_c2012
300 _a544 с.
650 _2UDC
_a22 Біблія. Святе письмо
942 _cBK
_2udc
955 _a0
999 _c572790
_d572790